000 01259naa a22003497a 4500
001 BR8203498
003 BR-BrBNA
005 20240918175119.0
007 ta
008 230509b bl.||||| |||| 00| 0 por d
040 _aBR-BrBNA
_bpor
_cBiblioteca Nacional de Agricultura
041 _a(Pt)
072 _aE10; E15; E50
_b/G514
090 _aE10 BR8203498
110 1 _aFederacao dos Trabalhadores na Agricultura do Estado do Parana, Curitiba (Brasil)
_94667
111 1 _a2. Reuniao Nacional sobre Mao-de-Obra Volante na Agricultura
_cBotucatu, SP (Brazil)
_d3 Dec 1976
245 1 _aTrabalhador volante (boia-fria)[mao-de-obra, Parana, Brasil]
260 3 _aBotucatu, SP (Brasil):
_bEd. Polis,
_c1982.
500 _aMao-de-obra volante na agricultura Botucatu, SP (Brasil): Ed. Polis, 1982. p. 77-85 (BR8203498-AM)E10
650 _aMAO-DE-OBRA
650 _aTRABALHADOR RURAL
650 _aMEEIRO
650 _aSALARIO
650 _aSINDICATO
650 _aLEGISLACAO TRABALHISTA
650 _aESTATUTO DA TERRA
650 _aREFORMA AGRARIA
650 _aPARANA
773 0 _tMao-de-obra volante na agricultura
_wE10 BR8203498
_gBotucatu, SP (Brasil), 1982. p. 77-85
909 _a202404
_bLucia
_c55
_dLucia Elande
942 _cAM
_2AGRIS
999 _c315089
_d315089